[Event "Duesseldorf Nord Cup 8th GrG"]
[Site "Duesseldorf"]
[Date "2008.08.03"]
[Round "5"]
[White "Gaul, Alexander"]
[Black "Westenberger, Klaus"]
[Result "1-0"]
[WhiteElo "1722"]
[BlackElo "1778"]
[PlyCount "65"]
[EventDate "2008.08.01"]
[EventType "tourn"]
[EventRounds "5"]
[EventCountry "GER"]
[SourceTitle "EXT 2017"]
[Source "ChessBase"]
[SourceDate "2016.10.25"]
[SourceVersion "1"]
[SourceVersionDate "2016.10.25"]
[SourceQuality "1"]

1. d4 d5 2. c4 e6 3. Nc3 c6 4. Nf3 Nf6 5. Bg5 Nbd7 6. e3 Be7 7. Bd3 dxc4 8. Bxc4 0-0 9. 0-0 Nd5 10. Bxe7 Qxe7 11. Rc1 N5b6 12. Bd3 e5 13. dxe5 Nxe5 14. Nxe5 Qxe5 15. Qc2 g6 16. Rfe1 Be6 17. Rcd1 Rad8 18. Be4 Nd5 19. Bxd5 Bxd5 20. e4 Be6 21. g3 Bg4 22. Rd2 Bf3 23. Re3 Qh5 24. Ne2 g5 25. Nd4 Rxd4 26. Rxd4 g4 27. Qc1 Re8 28. Qe1 Re5 29. Rd8+ Kg7 30. Qc3 Kg6 31. Rg8+ Kh6 32. Rxf3 gxf3 33. h4 1-0

[Event "Duesseldorf Nord Cup 8th GrG"]
[Site "Duesseldorf"]
[Date "2008.08.02"]
[Round "2"]
[White "Westenberger, Klaus"]
[Black "Morawietz, Manuel"]
[Result "1-0"]
[WhiteElo "1778"]
[BlackElo "1760"]
[PlyCount "63"]
[EventDate "2008.08.01"]
[EventType "tourn"]
[EventRounds "5"]
[EventCountry "GER"]
[SourceTitle "EXT 2017"]
[Source "ChessBase"]
[SourceDate "2016.10.25"]
[SourceVersion "1"]
[SourceVersionDate "2016.10.25"]
[SourceQuality "1"]

1. d4 d5 2. c4 e6 3. Nc3 Nf6 4. e3 Be7 5. Bd3 0-0 6. Nge2 c5 7. cxd5 exd5 8. dxc5 Bxc5 9. 0-0 Nc6 10. h3 a6 11. a3 b5 12. b4 Ba7 13. Bb2 Bb7 14. Nf4 d4 15. Ne4 Nxe4 16. Bxe4 dxe3 17. Qg4 exf2+ 18. Kh1 g5 19. Qh5 Re8 20. Bxh7+ Kf8 21. Qh6+ Ke7 22. Bf6+ Kd7 23. Bxd8 Raxd8 24. Qxg5 Re5 25. Qf6 Rde8 26. Rad1+ Kc8 27. Nd5 Nd4 28. Rc1+ Bc6 29. Rxc6+ Nxc6 30. Qxc6+ Kb8 31. Nc7 Bb6 32. Qxb6+ 1-0

[Event "Duesseldorf Nord Cup 7th GrA"]
[Site "Duesseldorf"]
[Date "2007.08.12"]
[Round "5"]
[White "Sponheim, Marko"]
[Black "Westenberger, Klaus"]
[Result "1-0"]
[WhiteElo "2037"]
[BlackElo "1783"]
[PlyCount "55"]
[EventDate "2007.08.10"]
[EventType "tourn"]
[EventRounds "5"]
[EventCountry "GER"]
[SourceTitle "EXT 2017"]
[Source "ChessBase"]
[SourceDate "2016.10.25"]
[SourceVersion "1"]
[SourceVersionDate "2016.10.25"]
[SourceQuality "1"]

1. e4 c5 2. Nf3 Nc6 3. d4 cxd4 4. Nxd4 d6 5. Nc3 Bd7 6. Be2 g6 7. Be3 Bg7 8. h4 h5 9. f3 Nf6 10. Qd2 0-0 11. 0-0-0 a6 12. Nb3 b5 13. Rhg1 Be6 14. Nd5 Bxd5 15. exd5 Ne5 16. Bh6 Qc7 17. g4 Rfc8 18. Bxg7 Kxg7 19. Kb1 hxg4 20. fxg4 Nxd5 21. Nd4 e6 22. h5 Rh8 23. hxg6 Nxg6 24. Bf3 Qc4 25. Nf5+ Kg8 26. Nxd6 Qc5 27. Bxd5 Qxd5 28. Qf2 1-0

[Event "Duesseldorf-ch"]
[Site "Duesseldorf"]
[Date "2004.11.03"]
[Round "4"]
[White "Westenberger, Klaus"]
[Black "Siemes, Robert"]
[Result "0-1"]
[WhiteElo "1812"]
[BlackElo "2009"]
[PlyCount "42"]
[EventDate "2004.09.29"]
[EventType "swiss"]
[EventRounds "7"]
[EventCountry "GER"]
[SourceTitle "EXT 2006"]
[Source "ChessBase"]
[SourceDate "2005.11.24"]
[SourceVersion "1"]
[SourceVersionDate "2005.11.24"]
[SourceQuality "1"]

1. c4 e5 2. Nc3 d6 3. g3 Nc6 4. Bg2 g6 5. e3 Bg7 6. Nge2 f5 7. d4 e4 8. f3 exf3 9. Bxf3 Nf6 10. 0-0 0-0 11. e4 fxe4 12. Nxe4 Nxe4 13. Bxe4 Rxf1+ 14. Kxf1 Qf6+ 15. Kg2 Bh3+ 16. Kg1 Re8 17. Bd5+ Kh8 18. Bg2 Bg4 19. Bf1 Qe7 20. Bd2 Bxe2 21. Qxe2 Qxe2 0-1

[Event "Duesseldorf-ch"]
[Site "Duesseldorf"]
[Date "2004.10.06"]
[Round "2"]
[White "Zickau, Norbert"]
[Black "Westenberger, Klaus"]
[Result "1/2-1/2"]
[WhiteElo "1676"]
[BlackElo "1812"]
[PlyCount "57"]
[EventDate "2004.09.29"]
[EventType "swiss"]
[EventRounds "7"]
[EventCountry "GER"]
[SourceTitle "EXT 2006"]
[Source "ChessBase"]
[SourceDate "2005.11.24"]
[SourceVersion "1"]
[SourceVersionDate "2005.11.24"]
[SourceQuality "1"]

1. e4 c5 2. Nf3 Nc6 3. d4 cxd4 4. Nxd4 d6 5. Nc3 Bd7 6. Be3 g6 7. Qd2 Bg7 8. h4 h5 9. f3 Nf6 10. 0-0-0 0-0 11. Bh6 Nxd4 12. Bxg7 Kxg7 13. Qxd4 Qa5 14. Bc4 Be6 15. Nd5 Bxd5 16. Bxd5 Rab8 17. g4 hxg4 18. fxg4 Qc5 19. g5 Qxd4 20. Rxd4 Nxd5 21. exd5 Rbc8 22. Re1 Rc7 23. Kd2 Rfc8 24. c3 b5 25. Kd3 a5 26. a3 Kf8 27. Ree4 Rc5 28. Ke3 Ke8 29. Rd3 1/2-1/2